000 00645nam a2200241 a 4500
001 nice12345678
003 IN_TiNIC
005 20260116011758.0
008 050524s1965 jaba grm 000 0 eng
020 _a
_c100
082 0 0 _a297.24
_bBIS
100 _aBiswas, Chitranjan
245 _aChristian Evaluation of `ISA`
_b Jesus, in the Holy Quran
260 _aJabalpur
_bLeonard Theological College
_c1965
300 _a38p
500 _aincludes index and biblioraphy
505 2 _aG.Th.Thesis
650 _aJesus Christ-Islamic Interpretation
700 1 _aBiswas, Chitranjan
902 _bRHR
942 _cBK
999 _c3891
_d3891